| 000 | 01358cam a22003854a 4500 | ||
|---|---|---|---|
| 001 | 12989165 | ||
| 003 | NUST | ||
| 005 | 20220510161214.0 | ||
| 008 | 021101s2003 nyu 001 0 eng | ||
| 010 | _a 2002040992 | ||
| 020 | _a0060009179 (alk. paper) | ||
| 020 | _a0060009187 (pbk. : alk. paper) | ||
| 038 | _awaseem | ||
| 040 |
_aDLC _cDLC _dDLC |
||
| 042 | _apcc | ||
| 043 | _an-us-ok | ||
| 050 | 0 | 0 |
_aHV9955.O5 _bF85 2003 |
| 082 | 0 | 0 |
_a364.976638 _bFUH |
| 100 | 1 |
_aFuhrman, Mark. _991471 |
|
| 245 | 1 | 0 |
_aDeath and justice : _ban expose of Oklahoma's death row machine / _cMark Fuhrman. |
| 250 | _a1st ed. | ||
| 260 |
_aNew York : _bMorrow, _cc2003. |
||
| 300 |
_axii, 276 p. ; _c24 cm. |
||
| 500 | _aIncludes index. | ||
| 563 | _aHBK. | ||
| 650 | 0 |
_aCriminal justice, Administration of _zOklahoma. _991472 |
|
| 650 | 0 |
_aCapital punishment _zOklahoma. _991473 |
|
| 650 | 0 |
_aProsecution _zOklahoma. _991474 |
|
| 650 | 0 |
_aEvidence, Criminal _zOklahoma. _991475 |
|
| 856 | 4 | 1 |
_3Table of contents _uhttp://www.loc.gov/catdir/toc/fy042/2002040992.html |
| 856 | 4 | 2 |
_3Publisher description _uhttp://www.loc.gov/catdir/description/hc042/2002040992.html |
| 906 |
_a7 _bcbc _corignew _d1 _eocip _f20 _gy-gencatlg |
||
| 942 |
_2ddc _cBK |
||
| 999 |
_c589600 _d589600 |
||